ՀՀ Գիտությունների ազգային ակադեմիայի հիմնարար գիտական գրադարան  =   Fundamental Scientific Library of NAS RA

Тайфун : (Record no. 141493)

MARC details
000 -LEADER
fixed length control field 01172nam a2200253 u 4500
001 - CONTROL NUMBER
control field 000370237
003 - CONTROL NUMBER IDENTIFIER
control field AM-YeHGA
005 - DATE AND TIME OF LATEST TRANSACTION
control field 20250617131856.0
008 - FIXED-LENGTH DATA ELEMENTS--GENERAL INFORMATION
fixed length control field 041015s1978 ||||||||||||||||||||rus d
040 ## - CATALOGING SOURCE
Original cataloging agency AM-YeHGA
041 1# - LANGUAGE CODE
Language code of text/sound track or separate title rus
Language code of original bul
090 ## - LOCALLY ASSIGNED LC-TYPE CALL NUMBER (OCLC); LOCAL CALL NUMBER (RLIN)
-- 142873
100 1# - MAIN ENTRY--PERSONAL NAME
Personal name Босев, Крум
245 10 - TITLE STATEMENT
Title Тайфун :
Remainder of title Записки из Китая : Перевод с болгарского /
Statement of responsibility, etc. К. Босев; Перев. Е.И. Громушкина, Н.Ф. Гусева, Ю.П. Игнатова; Ред. и авт. предисл. М.Л. Алтайский.
246 15 - VARYING FORM OF TITLE
Title proper/short title Тайфунът : Записки от Китай
260 ## - PUBLICATION, DISTRIBUTION, ETC.
Place of publication, distribution, etc. Москва :
Name of publisher, distributor, etc. Политиздат,
Date of publication, distribution, etc. 1978.
300 ## - PHYSICAL DESCRIPTION
Extent 344 стр. ;
Dimensions 21 см.
650 14 - SUBJECT ADDED ENTRY--TOPICAL TERM
Topical term or geographic name entry element Политика и современное политическое положение отдельных зарубежных стран
653 0# - INDEX TERM--UNCONTROLLED
Uncontrolled term Китай
700 1# - ADDED ENTRY--PERSONAL NAME
Personal name Громушкин, Е.И.
Relator term перев.
Relationship trl
700 1# - ADDED ENTRY--PERSONAL NAME
Personal name Гусев, Н.Ф.
Relator term перев.
Relationship trl
700 1# - ADDED ENTRY--PERSONAL NAME
Personal name Игнатов, Ю.П.
Relator term перев.
Relationship trl
700 1# - ADDED ENTRY--PERSONAL NAME
Personal name Алтайский, М.Л.
Relator term ред.
Relationship edt
Relator term авт. предисл.
Relationship aui
Holdings
Withdrawn status Lost status Damaged status Not for loan Collection Home library Current library Date acquired Total checkouts Full call number Barcode Date last seen Price effective from Koha item type Public note
        General Fundamental Scientific Library Fundamental Scientific Library 22/12/2016   PII/410298 FL0423865 22/12/2016 22/12/2016 Գրքեր / Books 30 Days Loan
        General Fundamental Scientific Library Fundamental Scientific Library 22/12/2016   PII/420033 FL0434434 22/12/2016 22/12/2016 Գրքեր / Books 30 Days Loan
        General Fundamental Scientific Library Fundamental Scientific Library 22/12/2016   РII/413992 FL0428407 22/12/2016 22/12/2016 Գրքեր / Books 30 Days Loan


ՀՀ ԳԱԱ հիմնարար գիտական գրադարան
ՀՀ,Երևան 0019
Մարշալ Բաղրամյան 24/6
հեռախոս:(374-10) 52-47-50
Հետադարձ կապ

All site content, except where otherwise noted, is licensed under a
Creative Commons License